000 00275nam a2200109Ia 4500
008 220204s9999 xx 000 0 und d
082 _a681.3
_bMAC
245 0 _aSystem engineering handbook
260 _aNew York
_bMcGraw hill
_c1965
700 _aMachol, Robert E
942 _cBK
999 _c26971
_d26971